000 00525nam a22001937a 4500
003 OSt
005 20160516182653.0
008 160516b xxu||||| |||| 00| 0 eng d
020 _a 0226075591
040 _cDDC.
082 _a599BRD 1989
100 _aBronson,F.H;
_98827
245 _aMammalian Reproductive Biology.
260 _aChicago.
_bThe University of chicago Press.
_c1989.
300 _aix,325p;
_bill;
_c22cm.
504 _areferences and index are included.
650 _aBiology.
_95602
942 _2ddc
_cSLOAN
999 _c4061
_d4061